Vándorlas, mobilitás, keresetalakulás Az 1983. évi társadalmi mobilitás és jövedelmi vizsgálat alapján

Saved in:
Bibliographic Details
Format: Book
Language:Hungarian
Published: Budapest Statisztikai Kiadó Vállalat 1987
Edition:1. kiadás.
Tags: Add Tag
No Tags, Be the first to tag this record!

MARC

LEADER 00000nam a2200000 4500
001 c039197
005 20221219132547.2
041 0 |a hun 
044 |a HU 
245 1 0 |a Vándorlas, mobilitás, keresetalakulás  |b Az 1983. évi társadalmi mobilitás és jövedelmi vizsgálat alapján 
250 |a 1. kiadás. 
264 1 |a Budapest  |b Statisztikai Kiadó Vállalat  |c 1987 
300 |a 86 s.